| 000 | 00527nam a2200193 a 4500 | ||
|---|---|---|---|
| 082 | 0 | 0 |
_a230.042 _bRAH |
| 100 | _aRahner, Karl | ||
| 245 | _aSacramentum Munjdi | ||
| 260 |
_aBangalore _bTheological Publications in India _c1975 |
||
| 300 | _a420p | ||
| 500 | _aincludes index and biblioraphy | ||
| 505 | 2 | _aIndex of name and topics | |
| 505 | 2 | _aIndex of name and topics00 | |
| 650 | _aTheology-encyclopaedia | ||
| 650 | _aCatholic Church-Doctrines | ||
| 700 | 1 | _aErnst, Cornelius | |
| 700 | 1 | _aSmyth, Kevin | |
| 942 | _cBK | ||
| 999 |
_c4523 _d4523 |
||